| 000 | 00525nam a2200181Ia 4500 | ||
|---|---|---|---|
| 999 |
_c21670 _d21670 |
||
| 003 | OSt | ||
| 005 | 20200619102141.0 | ||
| 008 | 190216s9999||||xx |||||||||||||| ||und|| | ||
| 020 | _a9780143064688 | ||
| 040 | _coclc | ||
| 082 |
_a954.0223 _bTHA/S |
||
| 100 |
_aThapar, Romila _9444 |
||
| 245 | 0 |
_aSomanatha The Many Voices Of A History / _cRomila Thapar |
|
| 260 |
_bPenguin Books, _c2008. _aNew Delhi: |
||
| 300 | _a260p | ||
| 650 | _aHistory | ||
| 942 |
_cBK _2ddc _h954.0223 _iTHA/S _k954.0223 _mTHA/S |
||